| 000 | 01141nam a2200265Ia 4500 | ||
|---|---|---|---|
| 003 | OSt | ||
| 005 | 20221005110507.0 | ||
| 006 | a|||||r|||| 00| 0 | ||
| 007 | ta | ||
| 008 | 221004b |||||||| |||| 00| 0 hin d | ||
| 020 |
_a9788121407830 (hbk) _cINR 666.00 |
||
| 024 | _a63290 | ||
| 037 |
_b305, 25/02/2019, Eastern Book Linkers _cTextual |
||
| 040 |
_aCRL _cCRL _bhin |
||
| 041 |
_2hin _ahin |
||
| 082 | _aNR44, 152Q6 | ||
| 100 |
_aजोशी, विश्वम्भर विशनदत्त, ले. _9624113 |
||
| 245 | 0 |
_aलुप्तोदय स्वर - समग्र राग व्याकरण _b विश्वकोश |
|
| 246 | _aLuptodaya svar - samagra rāg vyākaraṇa: vishvakosha | ||
| 260 |
_aनई दिल्ली _bनेशनल पब्लिशिंग हाउस भारत _c2016 |
||
| 300 |
_a892चण् _ccm. |
||
| 650 | _aहिन्दी साहित्य | ||
| 942 |
_hNR44, 152Q6 _cTEXL _2cc |
||
| 999 |
_c1018998 _d1018998 |
||